Nonlinear oscillations in biology /

Guardado en:
Autores Corporativos: Summer Seminar on Applied Mathematics University of Utah), American Mathematical Society., Society for Industrial and Applied Mathematics.
Otros Autores: Hoppensteadt, F. C. (Editor )
Formato: Libro
Idioma:English
Publicado: Providence, R.I. : American Mathematical Society, 1979.
Series:Lectures in applied mathematics (American Mathematical Society) ; v. 17.
Etiquetas: Agregar Etiqueta
Sin Etiquetas, Sea el primero en etiquetar este registro!
LEADER 01606cam a22002655i 4500
001 MAT.inmabb001861
008 791011s1979####riua#####b####100#0#eng#d
005 20130225115337.0
245 1 0 |a Nonlinear oscillations in biology /  |c Frank C. Hoppensteadt, editor. 
260 |a Providence, R.I. :  |b American Mathematical Society,  |c 1979. 
300 |a x, 253 p. :  |b il. ;  |c 24 cm. 
490 1 |a Lectures in applied mathematics ; v. 17 
500 |a "Sponsored jointly by the American Mathematical Society and the Society for Industrial and Applied Mathematics." 
504 |a Incluye referencias bibliográficas. 
505 0 |a Nonlinear oscillations / Louis N. Howard -- Studies of the ear / Charles R. Steele -- 24 hard problems about the mathematics of 24 hour rhythms / Arthur Winfree -- Stochastic modelling and nonlinear oscillations / Donald Ludwig -- Computer studies of nonlinear oscillators / Frank C. Hoppensteadt -- Chaotic oscillations : an example of hyperchaos / O. E. Rössler -- Nonlinear oscillations in equations with delays / Jack K. Hale -- A brief introduction to dynamical systems / John Guckenheimer. 
510 4 |a MR,  |c 81a:92002 
020 |a 0821811177 
111 2 |a Summer Seminar on Applied Mathematics  |n (10th :  |d 1978 :  |c University of Utah) 
700 1 |a Hoppensteadt, F. C.  |4 edt 
710 2 |a American Mathematical Society. 
710 2 |a Society for Industrial and Applied Mathematics. 
830 0 |a Lectures in applied mathematics (American Mathematical Society) ;  |v v. 17. 
084 |a 92-06 (34-06 37-06)  |2 msc2000 
010 |a  79026469  
859 |h 92  |i Su955  |p A-5344  |b BIB. MATEMATICA